| 000 | 01282nam a2200325Ia 4500 | ||
|---|---|---|---|
| 001 | ebr10135600 | ||
| 003 | CaPaEBR | ||
| 006 | m u | ||
| 007 | cr cn||||||||| | ||
| 008 | 030425s2003 nyu sb 001 0 eng d | ||
| 010 | _z 2003051724 | ||
| 020 | _z1403981701 | ||
| 020 | _z0312295553 | ||
| 040 |
_aCaPaEBR _cCaPaEBR |
||
| 035 | _a(OCoLC)560466180 | ||
| 050 | 1 | 4 |
_aJZ1253 _b.P47 2003eb |
| 245 | 0 | 0 |
_aPerspectives on structural realism _h[electronic resource] / _cedited by Andrew K. Hanami ; with a foreword by Stephen M. Walt. |
| 250 | _a1st ed. | ||
| 260 |
_aNew York, NY : _bPalgrave Macmillan, _cc2003. |
||
| 300 | _axv, 234 p. | ||
| 504 | _aIncludes bibliographical references and index. | ||
| 533 |
_aElectronic reproduction. _bPalo Alto, Calif. : _cebrary, _d2009. _nAvailable via World Wide Web. _nAccess may be limited to ebrary affiliated libraries. |
||
| 650 | 0 |
_aInternational relations _xPolitical aspects. |
|
| 650 | 0 |
_aInternational relations _xPsychological aspects. |
|
| 655 | 7 |
_aElectronic books. _2local |
|
| 700 | 1 | _aHanami, Andrew K. | |
| 700 | 1 |
_aWalt, Stephen M., _d1955- |
|
| 710 | 2 | _aebrary, Inc. | |
| 856 | 4 | 0 |
_uhttp://site.ebrary.com/lib/rucke/Doc?id=10135600 _zAn electronic book accessible through the World Wide Web; click to view |
| 999 |
_c87519 _d87519 |
||